<?xml version="1.0" encoding="UTF-8"?>
<record
    xmlns:xsi="http://www.w3.org/2001/XMLSchema-instance"
    xsi:schemaLocation="http://www.loc.gov/MARC21/slim http://www.loc.gov/standards/marcxml/schema/MARC21slim.xsd"
    xmlns="http://www.loc.gov/MARC21/slim">

  <leader>01376nam a22002417a 4500</leader>
  <controlfield tag="003">OSt</controlfield>
  <controlfield tag="005">20220303101400.0</controlfield>
  <controlfield tag="008">120126t        xxu||||| |||| 00| 0 eng d</controlfield>
  <datafield tag="020" ind1=" " ind2=" ">
    <subfield code="a">0073124575 9780073124575</subfield>
  </datafield>
  <datafield tag="040" ind1=" " ind2=" ">
    <subfield code="c">DLC</subfield>
  </datafield>
  <datafield tag="050" ind1=" " ind2=" ">
    <subfield code="a">HD30.28.D45</subfield>
  </datafield>
  <datafield tag="100" ind1=" " ind2=" ">
    <subfield code="a">Dess, Gregory G.</subfield>
  </datafield>
  <datafield tag="245" ind1=" " ind2=" ">
    <subfield code="a">Strategic management : creating competitive advantages. /</subfield>
    <subfield code="c">Gregory G.Dess, G.T. Lumpkin and Alan B. Eisner</subfield>
  </datafield>
  <datafield tag="250" ind1=" " ind2=" ">
    <subfield code="a">3rd ed.</subfield>
  </datafield>
  <datafield tag="260" ind1=" " ind2=" ">
    <subfield code="a">New York :</subfield>
    <subfield code="b"> McGraw-Hill/Irwin,</subfield>
    <subfield code="c">2007.</subfield>
  </datafield>
  <datafield tag="300" ind1=" " ind2=" ">
    <subfield code="a">xxii, 559 p. : </subfield>
    <subfield code="b"> col. ill. ; .</subfield>
    <subfield code="c"> 26 cm.</subfield>
  </datafield>
  <datafield tag="500" ind1=" " ind2=" ">
    <subfield code="a">Includes index.</subfield>
  </datafield>
  <datafield tag="505" ind1=" " ind2=" ">
    <subfield code="a">Contents: Strategic analysis: -- Introduction and analyzing goals and objectives -- Analyzing the external environment -- Analyzing the internal environment -- Assessing the intellectual capital -- Strategic formulation: Formulating business-level strategies -- Formulating corporate-level strategies -- Formulating international strategies -- Digital business strategies -- Strategic implementation: Strategic control and corporate governance -- Creating effective organizational design -- Strategic leadership excellence, ethics and change -- Fostering corporate entrepreneurship -- Strategic leadership creating new ventures -- Case analysis.</subfield>
  </datafield>
  <datafield tag="650" ind1=" " ind2=" ">
    <subfield code="a">Strategic planning. </subfield>
    <subfield code="x">Strategic  Management. </subfield>
  </datafield>
  <datafield tag="700" ind1=" " ind2=" ">
    <subfield code="a">Lumpkin, G.T. </subfield>
  </datafield>
  <datafield tag="700" ind1=" " ind2=" ">
    <subfield code="a">Eisner, Alan B.</subfield>
  </datafield>
  <datafield tag="942" ind1=" " ind2=" ">
    <subfield code="2">lcc</subfield>
    <subfield code="c">BK</subfield>
  </datafield>
  <datafield tag="999" ind1=" " ind2=" ">
    <subfield code="c">8856</subfield>
    <subfield code="d">16356</subfield>
  </datafield>
  <datafield tag="952" ind1=" " ind2=" ">
    <subfield code="0">0</subfield>
    <subfield code="1">0</subfield>
    <subfield code="2">lcc</subfield>
    <subfield code="4">0</subfield>
    <subfield code="7">0</subfield>
    <subfield code="a">WIUC-KL</subfield>
    <subfield code="b">WIUC-KL</subfield>
    <subfield code="c">GEN</subfield>
    <subfield code="d">2019-11-18</subfield>
    <subfield code="e">STM</subfield>
    <subfield code="o">HD30.28.D45(3e)</subfield>
    <subfield code="p">K/2548/2548/19</subfield>
    <subfield code="r">2022-03-02 00:00:00</subfield>
    <subfield code="w">2022-03-02</subfield>
    <subfield code="y">BK</subfield>
  </datafield>
</record>
